000 00694nam a22002417a 4500
003 OSt
005 20140310181943.0
008 130724t xxu||||| |||| 00| 0 eng d
020 _a8185944660
050 _aPR 4571
_b.D548 1859
082 _aCLA
_bD55t 19
100 _aDicken, Charles
_93621
245 _aA tale of two cities :
_cCharles Dickens
_bcomplete and unabridged with introduction and notes /
260 _aNew Delhi :
_bUBS Publisher's Distributors Ltd.,
_cc1859.
300 _a410 p.
_c18 cm.
541 _j1
562 _e1
650 _aClassics
_92808
654 _aEpic
_93689
654 _a Dramatic
_93690
654 _aHeroic
_93691
942 _2lcc
_cBBK
_kCLA
999 _c7712
_d7712